Subdivisions Bordering Benin - Statistics

General Stats
  • This quiz has been taken 6 times
  • The average score is 7 of 14
Answer Stats
Country Answer % Correct
Nigeria Lagos
100%
Burkina Faso Est
67%
Nigeria Kebbi
67%
Nigeria Kwara
67%
Togo Maritime
67%
Nigeria Niger
67%
Nigeria Oyo
67%
Togo Plateaux
67%
Togo Centrale
33%
Togo Kara
33%
Nigeria Ogun
33%
Togo Savanes
33%
Niger Dosso
0%
Niger Tillabéri
0%
No matching quizzes found
Score Distribution
Percent of People with Each Score
Percentile by Number Answered
Your Score History
You have not taken this quiz